=LDR 00000nam 2200000 4500 =001 INLIS000000000038123 =005 20130612143817 =008 ***********************************ind** =035 ##$$0010-061300000038123 =041 ##$$a ind =082 ##$$a 153.15 =100 ##$$a surya, hendra =245 ##$$a strategi jitu mencapai kesuksesan belajaran =260 ##$$a gramdia $b jakarta =300 ##$$a 397 hlm =850 ##$$a NBPNMAT